| 000 | 00360nam a2200145Ia 4500 | ||
|---|---|---|---|
| 008 | 230312s9999||||xx |||||||||||||| ||und|| | ||
| 020 | _a0-07-219415-4 | ||
| 082 |
_a004.678 _bLEV-C |
||
| 100 | _aShoup;Kate | ||
| 245 | 0 | _aVisually Microsoft office 2010 | |
| 260 |
_bMcgrawhill _aNew york _c2002 |
||
| 300 | _a857 | ||
| 650 |
_aComputer _vComputer |
||
| 942 | _cBK | ||
| 999 |
_c15188 _d15188 |
||